[Event "Bunratty Masters op 22nd"]
[Site "Bunratty"]
[Date "2015.02.22"]
[Round "5"]
[White "Wells, Peter K"]
[Black "Norwood, David"]
[Result "1/2-1/2"]
[WhiteElo "2456"]
[BlackElo "2502"]
[PlyCount "72"]
[EventDate "2015.02.20"]
[EventType "swiss"]
[EventRounds "6"]
[EventCountry "IRL"]
[SourceTitle "CBM 165 Extra"]
[Source "ChessBase"]
[SourceDate "2015.04.21"]
[SourceVersion "1"]
[SourceVersionDate "2015.04.21"]
[SourceQuality "1"]

1. d4 g6 2. e4 Bg7 3. Nc3 d6 4. f4 a6 5. Nf3 b5 6. Bd3 Nd7 7. e5 c5 8. Be4 Rb8 9. Be3 b4 10. Ne2 Qc7 11. 0-0 Nh6 12. h3 0-0 13. Qd2 Nb6 14. b3 Bf5 15. Bxf5 Nxf5 16. dxc5 dxc5 17. Bf2 Rfd8 18. Qc1 Qc6 19. a3 Nd5 20. axb4 Nxb4 21. Ra5 Qe4 22. Rxc5 Rdc8 23. Nc3 Qxc2 24. Qxc2 Nxc2 25. Rc1 Nb4 26. Rxc8+ Rxc8 27. Na2 Rxc1+ 28. Nxc1 f6 29. g4 Nh6 30. Bc5 Nd5 31. exf6 exf6 32. Nd3 Nf7 33. Nd4 Nd8 34. Kf2 f5 35. Kf3 Bxd4 36. Bxd4 Nc6 1/2-1/2

[Event "Bunratty Masters op 22nd"]
[Site "Bunratty"]
[Date "2015.02.21"]
[Round "4"]
[White "Norwood, David"]
[Black "Jones, Gawain C B"]
[Result "1/2-1/2"]
[WhiteElo "2502"]
[BlackElo "2670"]
[PlyCount "112"]
[EventDate "2015.02.20"]
[EventType "swiss"]
[EventRounds "6"]
[EventCountry "IRL"]
[SourceTitle "CBM 165 Extra"]
[Source "ChessBase"]
[SourceDate "2015.04.21"]
[SourceVersion "1"]
[SourceVersionDate "2015.04.21"]
[SourceQuality "1"]

1. g3 e5 2. c4 Nc6 3. Bg2 f5 4. Nc3 Nf6 5. d3 Bb4 6. Bd2 0-0 7. e3 f4 8. exf4 exf4 9. Bxf4 d5 10. cxd5 Nxd5 11. Nge2 Bg4 12. Qb3 Be6 13. Qd1 Bg4 14. Qb3 Be6 15. Qd1 Nd4 16. Be5 Nxc3 17. bxc3 Bd5 18. 0-0 Bxg2 19. Nxd4 Qd5 20. Qg4 Qxe5 21. Kxg2 Bxc3 22. Qe6+ Qxe6 23. Nxe6 Bxa1 24. Nxf8 Kxf8 25. Rxa1 Rd8 26. Rc1 c6 27. Rc3 Rd5 28. a4 Ke7 29. f4 Kd6 30. Kf3 Rd4 31. Rb3 b6 32. Ra3 a5 33. Kg4 Kc5 34. Rc3+ Kd5 35. Ra3 Rb4 36. h4 Rb2 37. h5 c5 38. Kf5 Kd4 39. g4 Rf2 40. Rb3 Rf1 41. g5 g6+ 42. hxg6 hxg6+ 43. Kxg6 Rxf4 44. Rxb6 Kxd3 45. Rb5 c4 46. Rxa5 c3 47. Rc5 Rc4 48. Rd5+ Ke3 49. Rd1 c2 50. Rc1 Kd2 51. Rxc2+ Rxc2 52. Kf6 Rc6+ 53. Kf7 Kc3 54. g6 Rxg6 55. Kxg6 Kb4 56. Kf5 Kxa4 1/2-1/2

[Event "EU Small Countries ol 3rd"]
[Site "Monte Carlo"]
[Date "2013.11.29"]
[Round "7"]
[White "Kobler, Mario"]
[Black "Norwood, David"]
[Result "0-1"]
[WhiteElo "2092"]
[BlackElo "2506"]
[PlyCount "54"]
[EventDate "2013.11.25"]
[EventType "team-tourn"]
[EventRounds "9"]
[EventCountry "MNC"]
[SourceTitle "CBM 157 Extra"]
[Source "ChessBase"]
[SourceDate "2013.12.19"]
[SourceVersion "1"]
[SourceVersionDate "2013.12.19"]
[SourceQuality "1"]
[WhiteTeam "Liechenstein"]
[BlackTeam "Andorra"]
[WhiteTeamCountry "LIE"]
[BlackTeamCountry "AND"]

1. c4 g6 2. g3 Bg7 3. Bg2 c5 4. Nf3 Nc6 5. 0-0 e6 6. e3 Nge7 7. d4 cxd4 8. Nxd4 d5 9. cxd5 exd5 10. Nc3 0-0 11. b3 Nxd4 12. exd4 Be6 13. Ba3 Re8 14. Qd2 Nc6 15. Ne2 Bg4 16. Rfe1 Bxe2 17. Rxe2 Rxe2 18. Qxe2 Nxd4 19. Qd1 Nc2 20. Qxc2 Bxa1 21. Qd1 Qa5 22. Qxa1 Qxa3 23. Bxd5 Qe7 24. Qc3 Rd8 25. Bc4 Rd1+ 26. Kg2 Qe4+ 27. Kh3 b5 0-1

[Event "EU Small Countries ol 3rd"]
[Site "Monte Carlo"]
[Date "2013.11.28"]
[Round "5"]
[White "Jeitz, Christian"]
[Black "Norwood, David"]
[Result "0-1"]
[WhiteElo "2197"]
[BlackElo "2506"]
[PlyCount "52"]
[EventDate "2013.11.25"]
[EventType "team-tourn"]
[EventRounds "9"]
[EventCountry "MNC"]
[SourceTitle "CBM 157 Extra"]
[Source "ChessBase"]
[SourceDate "2013.12.19"]
[SourceVersion "1"]
[SourceVersionDate "2013.12.19"]
[SourceQuality "1"]
[WhiteTeam "Luxembourg"]
[BlackTeam "Andorra"]
[WhiteTeamCountry "LUX"]
[BlackTeamCountry "AND"]

1. e4 g6 2. d4 Bg7 3. Nc3 d6 4. Be3 a6 5. Qd2 b5 6. Bd3 Nd7 7. Nf3 Bb7 8. 0-0 Ngf6 9. Bh6 0-0 10. Bxg7 Kxg7 11. Rfe1 e5 12. d5 c6 13. dxc6 Bxc6 14. b4 Qc7 15. a4 bxa4 16. Nxa4 Qb7 17. Qe3 d5 18. Nc5 Nxc5 19. Qxc5 dxe4 20. Nxe5 exd3 21. Qxc6 Qxc6 22. Nxc6 Rfc8 23. Ne5 d2 24. Red1 Rxc2 25. Nf3 Rd8 26. Kf1 Ne4 0-1

[Event "EU Small Countries ol 3rd"]
[Site "Monte Carlo"]
[Date "2013.11.25"]
[Round "1"]
[White "Norwood, David"]
[Black "Kirby, Peter J"]
[Result "1-0"]
[WhiteElo "2506"]
[BlackElo "1982"]
[PlyCount "57"]
[EventDate "2013.11.25"]
[EventType "team-tourn"]
[EventRounds "9"]
[EventCountry "MNC"]
[SourceTitle "CBM 157 Extra"]
[Source "ChessBase"]
[SourceDate "2013.12.19"]
[SourceVersion "1"]
[SourceVersionDate "2013.12.19"]
[SourceQuality "1"]
[WhiteTeam "Andorra"]
[BlackTeam "Guernsey"]
[WhiteTeamCountry "AND"]
[BlackTeamCountry "GCI"]

1. c4 c5 2. g3 Nc6 3. Bg2 g6 4. Nc3 Bg7 5. Nf3 e6 6. 0-0 Nge7 7. a3 0-0 8. Rb1 a5 9. d3 d5 10. Bf4 b6 11. Qb3 Ba6 12. Na4 e5 13. cxd5 exf4 14. dxc6 Rb8 15. gxf4 Nxc6 16. Nc3 Qd6 17. Nd5 b5 18. Rfd1 Rfd8 19. e4 a4 20. Qc2 Na5 21. d4 cxd4 22. Nxd4 Rbc8 23. e5 Rxc2 24. exd6 Rc4 25. Ne7+ Kf8 26. Ndc6 Nxc6 27. Nxc6 Ke8 28. d7+ Rxd7 29. Rxd7 1-0

[Event "Andorra op 31st"]
[Site "La Massana"]
[Date "2013.07.26"]
[Round "7"]
[White "Vovk, Andrey"]
[Black "Norwood, David"]
[Result "1-0"]
[WhiteElo "2567"]
[BlackElo "2491"]
[PlyCount "159"]
[EventDate "2013.07.20"]
[EventType "swiss"]
[EventRounds "9"]
[EventCountry "AND"]
[SourceTitle "CBM 155 Extra"]
[Source "ChessBase"]
[SourceDate "2013.08.26"]
[SourceVersion "1"]
[SourceVersionDate "2013.08.26"]
[SourceQuality "1"]

1. e4 d6 2. d4 Nf6 3. Nc3 g6 4. Nf3 Bg7 5. Be2 0-0 6. 0-0 a6 7. a4 b6 8. e5 dxe5 9. dxe5 Ng4 10. Qd5 Ra7 11. h3 Nxe5 12. Nxe5 Qxd5 13. Nxd5 Bxe5 14. Nxe7+ Kg7 15. Nxc8 Rxc8 16. Rd1 c6 17. Ra3 b5 18. axb5 cxb5 19. Be3 Re7 20. c3 Rcc7 21. Kf1 Red7 22. Ra2 Rxd1+ 23. Bxd1 Kf6 24. f4 Bd6 25. b4 Ke7 26. Bd2 Rd7 27. Bf3 h5 28. f5 Kf6 29. fxg6 fxg6 30. Ke2 Be5 31. Ra3 Rd6 32. Be3 Rd7 33. Be4 g5 34. Bf3 h4 35. Bg4 Rd6 36. Bc5 Rd8 37. Bb6 Rd5 38. Bf3 Rd7 39. Be4 Ke6 40. Bc5 Kf6 41. Bd3 Bd6 42. Bg1 Be5 43. Kd2 g4 44. Bf2 Kg5 45. Kc2 g3 46. Be3+ Bf4 47. Bc5 Bd6 48. Be3+ Bf4 49. Bxf4+ Kxf4 50. Ra1 Rd5 51. Rf1+ Kg5 52. Be4 Re5 53. Kd3 Nd7 54. Kd4 Re7 55. Rf5+ Kh6 56. Bf3 Kg6 57. Rd5 Nf6 58. Rd6 Kf5 59. Rxa6 Rd7+ 60. Ke3 Re7+ 61. Kd3 Rd7+ 62. Kc2 Re7 63. Rb6 Re3 64. Rxb5+ Kf4 65. Rb6 Nd7 66. Rh6 Ne5 67. Rxh4+ Kf5 68. Bb7 Re2+ 69. Kb3 Nd3 70. c4 Nf4 71. Rg4 Re7 72. Bc8+ Ke4 73. Rxg3 Ne2 74. Rg4+ Kd3 75. b5 Nd4+ 76. Kb4 Nc2+ 77. Ka5 Ne3 78. c5 Rc7 79. c6 Rxc8 80. Rg3 1-0

[Event "Catalunya-chT Honor"]
[Site "Catalunya"]
[Date "2013.03.16"]
[Round "9.2"]
[White "Gonzalez Perez, Arian"]
[Black "Norwood, David"]
[Result "1-0"]
[WhiteElo "2474"]
[BlackElo "2495"]
[PlyCount "65"]
[EventDate "2013.01.19"]
[EventType "team-tourn"]
[EventRounds "11"]
[EventCountry "ESP"]
[SourceTitle "EXT 2014"]
[Source "ChessBase"]
[SourceDate "2013.11.20"]
[SourceVersion "1"]
[SourceVersionDate "2013.11.20"]
[SourceQuality "1"]
[WhiteTeam "Sant Andreu"]
[BlackTeam "Andorra"]
[WhiteTeamCountry "ESP"]
[BlackTeamCountry "AND"]

1. d4 g6 2. c4 Bg7 3. Nc3 c5 4. d5 Bxc3+ 5. bxc3 f5 6. h4 Nf6 7. h5 Rg8 8. hxg6 hxg6 9. Qa4 Qb6 10. Nf3 Qa6 11. Qxa6 Nxa6 12. Ng5 d6 13. f3 Bd7 14. e4 fxe4 15. fxe4 Nc7 16. a4 b6 17. Be2 0-0-0 18. e5 dxe5 19. Nf7 Rdf8 20. Nxe5 g5 21. 0-0 Rg7 22. Bd3 Rd8 23. a5 Kb7 24. axb6 axb6 25. Be3 Ng4 26. Nxg4 Bxg4 27. Rfb1 Na6 28. d6 Bc8 29. Rxa6 Rxd6 30. Be4+ Kc7 31. Ra7+ Kb8 32. Ra8+ Kc7 33. Bf2 1-0

[Event "Catalunya-chT Honor"]
[Site "Catalunya"]
[Date "2013.01.26"]
[Round "2.2"]
[White "Norwood, David"]
[Black "Fluvia Poyatos, Jordi"]
[Result "1-0"]
[WhiteElo "2495"]
[BlackElo "2473"]
[PlyCount "117"]
[EventDate "2013.01.19"]
[EventType "team-tourn"]
[EventRounds "11"]
[EventCountry "ESP"]
[SourceTitle "CBM 152 Extra"]
[Source "ChessBase"]
[SourceDate "2013.02.25"]
[SourceVersion "1"]
[SourceVersionDate "2013.02.25"]
[SourceQuality "1"]
[WhiteTeam "Andorra"]
[BlackTeam "Barcelona Uga"]
[WhiteTeamCountry "AND"]
[BlackTeamCountry "ESP"]

1. c4 g6 2. g3 Bg7 3. Bg2 e5 4. Nc3 Ne7 5. Nf3 Nbc6 6. 0-0 0-0 7. Rb1 d6 8. b4 Bf5 9. d3 Qd7 10. b5 Nd4 11. e3 Nxf3+ 12. Bxf3 Rab8 13. Rb3 c5 14. Ra3 Ra8 15. Re1 Be6 16. Bb2 d5 17. cxd5 Nxd5 18. Ne4 Qxb5 19. Qa1 Nb4 20. Rc1 Nxd3 21. Rxd3 Qxd3 22. Bxe5 f6 23. Nxc5 Qf5 24. Bf4 Bf7 25. g4 Qc8 26. Nxb7 Qe6 27. Nc5 Qxa2 28. Qxa2 Bxa2 29. Bxa8 Rxa8 30. Na6 Rd8 31. h3 Bf8 32. e4 Rd4 33. Rc8 Kg7 34. Rc7+ Kg8 35. Rc8 Kg7 36. Rc7+ Kg8 37. f3 Bc4 38. Nc5 Bxc5 39. Rxc5 Be6 40. Ra5 Rd7 41. Be3 Bc4 42. Bxa7 f5 43. gxf5 gxf5 44. exf5 Rd5 45. Ra4 Bd3 46. f6 Kf7 47. Bd4 Bb5 48. Rb4 Bd7 49. h4 Rf5 50. Kg2 Bc6 51. Rc4 Bxf3+ 52. Kg3 Be4 53. Bb2 Rb5 54. Rc7+ Ke6 55. Re7+ Kd6 56. Ba3+ Kd5 57. Rxe4 Rb3+ 58. Kf4 Rxa3 59. f7 1-0

[Event "Andorra op 29th"]
[Site "Arinsal"]
[Date "2011.07.22"]
[Round "7"]
[White "Almeida Quintana, Omar"]
[Black "Norwood, David"]
[Result "1-0"]
[WhiteElo "2548"]
[BlackElo "2491"]
[PlyCount "95"]
[EventDate "2011.07.16"]
[EventType "swiss"]
[EventRounds "9"]
[EventCountry "AND"]
[SourceTitle "CBM 143 Extra"]
[Source "ChessBase"]
[SourceDate "2011.08.29"]
[SourceVersion "1"]
[SourceVersionDate "2011.08.29"]
[SourceQuality "1"]

1. d4 g6 2. c4 Bg7 3. Nf3 c5 4. d5 d6 5. e4 Nf6 6. Nc3 0-0 7. h3 Na6 8. Bd3 Nc7 9. 0-0 a6 10. a4 e6 11. a5 Rb8 12. Na4 Nd7 13. Bf4 b5 14. axb6 Nxb6 15. Nc3 e5 16. Bd2 f5 17. Rb1 a5 18. Re1 Na6 19. b3 Nb4 20. Bf1 Nd7 21. exf5 gxf5 22. Ng5 Nf6 23. Nb5 Re8 24. Ne6 Bxe6 25. dxe6 Rxe6 26. Qf3 f4 27. Bxb4 axb4 28. Rbd1 Qe7 29. Ra1 Rb7 30. Ra8+ Bf8 31. Rea1 Qg7 32. Rc8 Rf7 33. Ra6 e4 34. Qxf4 e3 35. fxe3 Ne4 36. Qg4 Qxg4 37. hxg4 Nd2 38. Bd3 Rxe3 39. Rxd6 Kg7 40. Rd5 Be7 41. Nd6 Bxd6 42. Rxd6 Nxb3 43. g5 Ra7 44. Rdd8 Nd4 45. Rg8+ Kf7 46. Rcf8+ Ke6 47. Rf6+ Kd7 48. Rf7+ 1-0

[Event "Andorra op 29th"]
[Site "Arinsal"]
[Date "2011.07.18"]
[Round "3"]
[White "Hendrix, Judith"]
[Black "Norwood, David"]
[Result "0-1"]
[WhiteElo "1757"]
[BlackElo "2491"]
[PlyCount "78"]
[EventDate "2011.07.16"]
[EventType "swiss"]
[EventRounds "9"]
[EventCountry "AND"]
[SourceTitle "CBM 143 Extra"]
[Source "ChessBase"]
[SourceDate "2011.08.29"]
[SourceVersion "1"]
[SourceVersionDate "2011.08.29"]
[SourceQuality "1"]

1. e4 g6 2. d4 Bg7 3. Nf3 d6 4. Be3 Nd7 5. Nc3 a6 6. Bd3 c5 7. a4 Ngf6 8. 0-0 Ng4 9. h3 Nxe3 10. fxe3 0-0 11. a5 Nb8 12. Nd5 Nc6 13. Qe1 cxd4 14. exd4 Nxd4 15. Qb4 Nc6 16. Qa3 Be6 17. Nb6 Rb8 18. Rab1 Ne5 19. Ng5 Bd7 20. Qb3 e6 21. Nf3 Nxf3+ 22. Rxf3 Bd4+ 23. Kh1 Bxb6 24. axb6 Rc8 25. Rbf1 Rc6 26. c4 Qxb6 27. Qc3 e5 28. Rf6 Qd4 29. Qa3 Be6 30. R1f3 Bxc4 31. Bxc4 Qxc4 32. Rxd6 Rxd6 33. Qxd6 Qxe4 34. b3 Qd4 35. Qf6 Qd5 36. h4 e4 37. Rh3 Rd8 38. h5 Qd1+ 39. Kh2 Qd6+ 0-1

[Event "Andorra op 29th"]
[Site "Arinsal"]
[Date "2011.07.16"]
[Round "1"]
[White "Gawle, Ireneusz"]
[Black "Norwood, David"]
[Result "0-1"]
[WhiteElo "1925"]
[BlackElo "2491"]
[PlyCount "82"]
[EventDate "2011.07.16"]
[EventType "swiss"]
[EventRounds "9"]
[EventCountry "AND"]
[SourceTitle "CBM 143 Extra"]
[Source "ChessBase"]
[SourceDate "2011.08.29"]
[SourceVersion "1"]
[SourceVersionDate "2011.08.29"]
[SourceQuality "1"]

1. e4 g6 2. d4 Bg7 3. Nf3 d6 4. Nc3 c6 5. Bg5 Bg4 6. Qd2 Bxf3 7. gxf3 Nd7 8. 0-0-0 b5 9. f4 b4 10. Nb1 Qa5 11. a3 Rb8 12. e5 d5 13. e6 fxe6 14. Bh3 Nf8 15. Rhe1 Nh6 16. Bxe6 Nxe6 17. Rxe6 Nf5 18. Rde1 0-0 19. axb4 Qxb4 20. Qxb4 Rxb4 21. c3 Rb7 22. Bxe7 Nxe7 23. Rxe7 Rxe7 24. Rxe7 Rxf4 25. Rxa7 Rxf2 26. b4 Rxh2 27. Rc7 g5 28. Rxc6 g4 29. Rc8+ Bf8 30. Nd2 g3 31. Nf3 Rf2 32. Nh4 Rf4 33. Ng2 Rf1+ 34. Kd2 Rf2+ 35. Ke3 Rxg2 36. Kf3 Rg1 37. Rd8 h5 38. Rxd5 h4 39. b5 h3 40. Rg5+ Kf7 41. Rxg3 h2 0-1

[Event "BCF-chT 0102 (4NCL)"]
[Site "Birmingham"]
[Date "2002.03.23"]
[Round "7.1"]
[White "Norwood, David"]
[Black "Collins, Sam E"]
[Result "1/2-1/2"]
[WhiteElo "2507"]
[BlackElo "2299"]
[PlyCount "126"]
[EventDate "2001.09.22"]
[EventType "team"]
[EventRounds "11"]
[EventCountry "ENG"]
[SourceTitle "CBM 084 Extra"]
[Source "ChessBase"]
[SourceDate "2001.10.26"]
[SourceVersion "1"]
[SourceVersionDate "2001.10.26"]
[SourceQuality "1"]
[WhiteTeam "Beeson Gregory II"]
[BlackTeam "Barbican II"]
[WhiteTeamCountry "ENG"]
[BlackTeamCountry "ENG"]

1. g3 d5 2. Bg2 c6 3. Nf3 Bg4 4. b3 Nd7 5. Bb2 Ngf6 6. 0-0 e6 7. d3 Bd6 8. Nbd2 0-0 9. h3 Bh5 10. e4 dxe4 11. dxe4 Be5 12. c3 Bc7 13. Qe2 Ne5 14. g4 Nxf3+ 15. Bxf3 Bg6 16. Ba3 Re8 17. Rad1 Nd5 18. Nc4 Nxc3 19. Qe3 Nxd1 20. Rxd1 Qh4 21. Kg2 Red8 22. Nd6 Bb6 23. Qe2 e5 24. Bb2 Qe7 25. Ba3 Bd4 26. Nc4 Bc5 27. Bxc5 Qxc5 28. h4 f6 29. h5 Bf7 30. Ne3 Rxd1 31. Qxd1 Qd4 32. Qc1 a5 33. g5 fxg5 34. Nf5 Qd8 35. h6 g6 36. Ne3 Be6 37. Bg4 Qd7 38. Kg3 a4 39. Qc5 axb3 40. axb3 Re8 41. f3 Qf7 42. Bxe6 Rxe6 43. Ng4 Re8 44. Kg2 Qe6 45. Qe3 Qe7 46. Qc3 Qd6 47. Qc4+ Kf8 48. Qc1 Qe7 49. Qc3 c5 50. Kh3 b6 51. Kg2 Kg8 52. Qc4+ Kh8 53. Qa6 Qd8 54. Qb7 Re7 55. Qc6 Qf8 56. Qxb6 Rd7 57. Nxe5 Rd2+ 58. Kf1 Rh2 59. Nf7+ Kg8 60. Nxg5 Rxh6 61. Qe6+ Kh8 62. Qe5+ Kg8 63. Qd5+ Kh8 1/2-1/2

[Event "BCF-chT 0001 (4NCL)"]
[Site "Birmingham"]
[Date "2001.05.06"]
[Round "10.2"]
[White "Norwood, David"]
[Black "Kelly, Brian"]
[Result "1-0"]
[WhiteElo "2455"]
[BlackElo "2464"]
[PlyCount "81"]
[EventDate "2000.09.??"]
[EventType "team"]
[EventRounds "11"]
[EventCountry "ENG"]
[SourceTitle "EXT 2002"]
[Source "ChessBase"]
[SourceDate "2001.11.25"]
[SourceVersion "1"]
[SourceVersionDate "2001.11.25"]
[SourceQuality "1"]
[WhiteTeam "IND II"]
[BlackTeam "Barbican"]
[WhiteTeamCountry "ENG"]
[BlackTeamCountry "ENG"]

1. g3 d5 2. Bg2 c6 3. Nf3 Bg4 4. b3 Nd7 5. Bb2 Ngf6 6. 0-0 e6 7. d3 Be7 8. Nbd2 0-0 9. h3 Bh5 10. e4 a5 11. a4 Bb4 12. e5 Ne8 13. Qe2 Nc7 14. g4 Bg6 15. Rae1 Qe7 16. Nd4 c5 17. N4f3 c4 18. bxc4 Nb6 19. Ra1 dxc4 20. Nxc4 Nxc4 21. dxc4 Bc5 22. Nd4 Rad8 23. Nb3 Na6 24. Nxa5 Bb4 25. Nb3 Nc5 26. Nxc5 Qxc5 27. c3 Ba5 28. Ba3 Qc8 29. Bxf8 Bd3 30. Qe3 Bxf1 31. Bxg7 Kxg7 32. Bxf1 Qd7 33. Rb1 b6 34. Rb5 Ra8 35. c5 bxc5 36. Qe4 Qd5 37. Qxd5 exd5 38. Rxc5 Bb6 39. Rb5 Bc7 40. Rxd5 Rxa4 41. e6 1-0

[Event "BCF-chT 0001 (4NCL)"]
[Site "Birmingham"]
[Date "2001.05.05"]
[Round "9.3"]
[White "Speelman, Jonathan S"]
[Black "Norwood, David"]
[Result "1-0"]
[WhiteElo "2594"]
[BlackElo "2455"]
[PlyCount "37"]
[EventDate "2000.09.??"]
[EventType "team"]
[EventRounds "11"]
[EventCountry "ENG"]
[SourceTitle "EXT 2002"]
[Source "ChessBase"]
[SourceDate "2001.11.25"]
[SourceVersion "1"]
[SourceVersionDate "2001.11.25"]
[SourceQuality "1"]
[WhiteTeam "Wood Green"]
[BlackTeam "IND II"]
[WhiteTeamCountry "ENG"]
[BlackTeamCountry "ENG"]

1. d4 g6 2. c4 Bg7 3. Nf3 d6 4. Nc3 Nd7 5. e4 e5 6. Be2 Ne7 7. 0-0 0-0 8. Be3 h6 9. Qc2 f5 10. dxe5 f4 11. exd6 fxe3 12. dxe7 exf2+ 13. Rxf2 Qxe7 14. Nd5 Qd8 15. e5 c6 16. Qxg6 cxd5 17. Bd3 Rf4 18. Qh7+ Kf8 19. Nd4 1-0

[Event "BCF-chT 9900 (4NCL)"]
[Site "Birmingham"]
[Date "2000.04.30"]
[Round "10.2"]
[White "Jonkman, Harmen"]
[Black "Norwood, David"]
[Result "0-1"]
[WhiteElo "2446"]
[BlackElo "2518"]
[PlyCount "96"]
[EventDate "1999.10.??"]
[EventType "team"]
[EventRounds "11"]
[EventCountry "ENG"]
[SourceTitle "EXT 2000"]
[Source "ChessBase"]
[SourceDate "1999.11.16"]
[SourceVersion "1"]
[SourceVersionDate "1999.11.16"]
[SourceQuality "1"]
[WhiteTeam "SWR"]
[BlackTeam "HH"]
[WhiteTeamCountry "ENG"]
[BlackTeamCountry "ENG"]

1. e4 g6 2. d4 Bg7 3. Nc3 c6 4. Be3 d6 5. f4 Qb6 6. Rb1 e5 7. Nf3 Bg4 8. Qd2 exf4 9. Bf2 Nd7 10. Bc4 Bxf3 11. gxf3 g5 12. h4 h6 13. Ne2 Ne7 14. c3 d5 15. Bd3 0-0-0 16. Rg1 f6 17. Nxf4 Rhg8 18. Nh5 Bh8 19. Kf1 dxe4 20. fxe4 Ng6 21. Bc4 Rgf8 22. Be6 Rde8 23. Bf5 Ne7 24. Bxd7+ Kxd7 25. Qd3 Qa5 26. Qc4 Nc8 27. d5 cxd5 28. Rd1 Re5 29. Bc5 Nb6 30. Bxb6 axb6 31. Rxd5+ Rxd5 32. exd5 Qa6 33. Qxa6 bxa6 34. Ng3 f5 35. Ne2 g4 36. Kf2 Kd6 37. Nf4 Re8 38. Rd1 Bf6 39. h5 Bh4+ 40. Kf1 Re4 41. Ne2 f4 42. b4 f3 43. Nd4 Re5 44. c4 Rxh5 45. Ne6 Bg3 46. Kg1 Rh2 47. c5+ bxc5 48. bxc5+ Ke5 0-1

[Event "BCF-chT 9899 (4NCL)"]
[Site "England"]
[Date "1998.11.21"]
[Round "3.1"]
[White "Norwood, David"]
[Black "Rogers, Jonathan"]
[Result "1-0"]
[WhiteElo "2535"]
[BlackElo "2355"]
[PlyCount "33"]
[EventDate "1998.10.??"]
[EventType "team"]
[EventRounds "11"]
[EventCountry "ENG"]
[SourceTitle "EXT 2000"]
[Source "ChessBase"]
[SourceDate "1999.11.16"]
[SourceVersion "1"]
[SourceVersionDate "1999.11.16"]
[SourceQuality "1"]
[WhiteTeam "HH"]
[BlackTeam "Barbican"]
[WhiteTeamCountry "ENG"]
[BlackTeamCountry "ENG"]

1. g3 e5 2. c4 d6 3. Nc3 h5 4. Nf3 c6 5. d4 Qc7 6. Bg2 Be7 7. 0-0 Bg4 8. c5 Bxf3 9. cxd6 Qxd6 10. exf3 Qxd4 11. Qe2 Nd7 12. f4 Ngf6 13. Re1 0-0-0 14. Be3 Qb4 15. a3 Qa5 16. b4 Qc7 17. Nb5 1-0

[Event "BCF-chT 9899 (4NCL)"]
[Site "England"]
[Date "1998.10.24"]
[Round "1.2"]
[White "Norwood, David"]
[Black "Emms, John M"]
[Result "1/2-1/2"]
[WhiteElo "2535"]
[BlackElo "2585"]
[PlyCount "96"]
[EventDate "1998.10.??"]
[EventType "team"]
[EventRounds "11"]
[EventCountry "ENG"]
[SourceTitle "EXT 2000"]
[Source "ChessBase"]
[SourceDate "1999.11.16"]
[SourceVersion "1"]
[SourceVersionDate "1999.11.16"]
[SourceQuality "1"]
[WhiteTeam "HH"]
[BlackTeam "Wood Green"]
[WhiteTeamCountry "ENG"]
[BlackTeamCountry "ENG"]

1. g3 c5 2. c4 g6 3. d4 cxd4 4. Qxd4 Nf6 5. Nc3 Bg7 6. Bg2 Nc6 7. Qd2 0-0 8. Nh3 Na5 9. Qd3 Qc7 10. b3 d5 11. cxd5 Bf5 12. Qd2 Ne4 13. Nxe4 Bxe4 14. Bxe4 Bc3 15. Bb2 Bxd2+ 16. Kxd2 Qb6 17. Bc3 Rac8 18. Rac1 Rfd8 19. Nf4 Nc6 20. Nd3 Nd4 21. Bg2 Rxc3 22. Rxc3 Qa5 23. Rhc1 Qxa2+ 24. Ke3 Nf5+ 25. Kf3 Nd4+ 26. Ke3 Nxe2 27. Rc8 Rxc8 28. Rxc8+ Kg7 29. Rc7 Ng1 30. Rxb7 a5 31. Be4 f5 32. Bf3 Nxf3 33. Kxf3 Qa3 34. Ke3 Kf6 35. Rb6+ Kg7 36. Rb7 Kf6 37. Rb6+ Kf7 38. Kd4 Qa1+ 39. Kc4 a4 40. Ra6 a3 41. Ra7 a2 42. d6 Ke8 43. d7+ Kd8 44. Nc5 Qf1+ 45. Kd5 Qd1+ 46. Kc6 Qd6+ 47. Kb5 Qb8+ 48. Kc6 Qd6+ 1/2-1/2

[Event "Bundesliga 9899"]
[Site "Germany"]
[Date "1998.10.17"]
[Round "1.8"]
[White "Herbrechtsmeier, Christof"]
[Black "Norwood, David"]
[Result "1/2-1/2"]
[WhiteElo "2280"]
[BlackElo "2515"]
[PlyCount "75"]
[EventDate "1998.10.17"]
[EventType "team-tourn"]
[EventRounds "15"]
[EventCountry "GER"]
[SourceTitle "GER-chT"]
[Source "ChessBase"]
[SourceDate "1999.07.01"]
[SourceVersion "1"]
[SourceVersionDate "1999.07.01"]
[SourceQuality "1"]
[WhiteTeam "Zaehringen"]
[BlackTeam "Solingen"]
[WhiteTeamCountry "GER"]
[BlackTeamCountry "GER"]

1. e4 g6 2. d4 Bg7 3. Nc3 c6 4. Bc4 d6 5. Qf3 e6 6. Nge2 Nd7 7. 0-0 Ngf6 8. Bg5 h6 9. Bh4 e5 10. Bb3 0-0 11. Rad1 Qe7 12. Qe3 Re8 13. f4 exf4 14. Nxf4 g5 15. Ng6 Qd8 16. Bg3 Nb6 17. Qf2 Be6 18. e5 Nfd5 19. Nh4 gxh4 20. Bxh4 Qd7 21. Ne4 Bg4 22. Rd3 dxe5 23. Nc5 Qc7 24. Rg3 f5 25. h3 e4 26. hxg4 f4 27. Rh3 Kh8 28. Bg5 e3 29. Qe2 Bxd4 30. Rxh6+ Kg7 31. Qd3 e2+ 32. Qxd4+ Qe5 33. Qxe5+ Rxe5 34. Re1 Rxg5 35. Rd6 Rxg4 36. Kf2 Re8 37. Re6 Rf8 38. R6xe2 1/2-1/2

[Event "BCF-chT2 9798 (4NCL)"]
[Site "England"]
[Date "1998.05.24"]
[Round "10.1"]
[White "Buckley, Simon T"]
[Black "Norwood, David"]
[Result "0-1"]
[WhiteElo "2105"]
[BlackElo "2515"]
[PlyCount "60"]
[EventDate "1997.11.??"]
[EventType "team"]
[EventRounds "11"]
[EventCountry "ENG"]
[SourceTitle "EXT 1999"]
[Source "ChessBase"]
[SourceDate "1998.11.16"]
[SourceVersion "1"]
[SourceVersionDate "1998.11.16"]
[SourceQuality "1"]
[WhiteTeam "Bristol II"]
[BlackTeam "Simpsons"]
[WhiteTeamCountry "ENG"]
[BlackTeamCountry "ENG"]

1. e4 g6 2. d4 Bg7 3. Nc3 c6 4. Be3 d6 5. Qd2 Nd7 6. Nf3 b5 7. Bd3 Ngf6 8. Bh6 Bxh6 9. Qxh6 e5 10. dxe5 dxe5 11. 0-0-0 Ng4 12. Qd2 b4 13. Nb1 Qb6 14. Rhf1 0-0 15. h3 Ngf6 16. Nh2 Nc5 17. Ng4 Nxg4 18. hxg4 Nxd3+ 19. Qxd3 Ba6 20. Qh3 Bxf1 21. Rxf1 f6 22. Nd2 Rad8 23. g5 fxg5 24. Nf3 g4 25. Qxg4 Rd6 26. Qh4 Qa6 27. Rh1 Rf7 28. Nxe5 Qxa2 29. Nd3 Qa1+ 30. Kd2 Qxb2 0-1